| 000 | 00000nas##2200000za#4500 |
| 001 | 9.513119 |
| 003 | CaOODSP |
| 005 | 20200331220152 |
| 007 | ta |
| 008 | 150406c1987||||xxc|| m #||||f| |0fre|d |
| 040 | |aCaOODSP|bfre |
| 043 | |an-cn--- |
| 086 | 1 |aM38-13F |
| 110 | 1 |aCanada.|bÉnergie, mines et ressources Canada.|bCentre canadien de la technologie des minéraux et de l'énergie. |
| 245 | 10|aRapport CANMET / |cPublié par la Programme de recherche sur les minéraux, Laboratoires des sciences minérales. |
| 260 | |aOttawa - Ontario : |bÉnergie, Mines et Ressources. |
| 563 | |aCouverture souple |
| 775 | 08|tCANMET report |w(CaOODSP)9.514760 |
| 776 | 0#|tRapport |w(CaOODSP)9.864716 |